Гауссовские меры в банаховых пространствах: пер. с англ.

Dettagli Bibliografici
Autore principale: Го Х.- С.
Altri autori: Сазонов В. В. (редактор), Ульянов В. В. (переводчик)
Lingua:russo
Pubblicazione: Москва, Мир, 1979
Soggetti:
Natura: Libro
KOHA link:https://koha.lib.tpu.ru/cgi-bin/koha/opac-detail.pl?biblionumber=70119

MARC

LEADER 00000nam0a2200000 4500
001 70119
005 20231031081036.0
035 |a (RuTPU)RU\TPU\book\74660 
090 |a 70119 
100 |a 20041113d1979 k y0rusy50 ca 
101 1 |a rus  |c eng 
102 |a RU 
105 |a a z 001zy 
200 1 |a Гауссовские меры в банаховых пространствах  |e пер. с англ.  |f Х.- С. Го  |g Под ред. В. В. Сазонова и В. В. Ульянова 
210 |a Москва  |c Мир  |d 1979 
215 |a 176 с.  |c ил. 
320 |a Библиогр.: с. 170-172. 
610 1 |a распределение 
610 1 |a гауссовские меры 
610 1 |a банаховы пространства 
675 |a 519.21  |v 3 
700 1 |a Го  |b Х.- С. 
702 1 |a Сазонов  |b В. В.  |4 340 
702 1 |a Ульянов  |b В. В.  |4 730 
801 1 |a RU  |b 63413507  |c 20041113  |g PSBO 
801 2 |a RU  |b 63413507  |c 20140206  |g PSBO 
942 |c BK